Statistiken für Alle Zweitliga-Vereine jemals (Männer)

Klicken Sie hier um das Quiz zu spielen!

Allgemein

  • Dieses Quiz wurde 274 mal gespielt
    (110 seit der letzten Aktualisierung)
  • Das Durchschnittsergebnis liegt bei 71 aus 128

Antwortstatistiken

#Verein% Korrekt
61Hamburger SV
98%
2FC St. Pauli
95%
44Holstein Kiel
92%
80Werder Bremen
91%
20Hertha BSC
90%
331. FC Kaiserslautern
89%
311. FC Union Berlin
89%
48Dynamo Dresden
89%
89Borussia Dortmund
88%
94RB Leipzig
88%
1SpVgg Greuther Fürth
88%
47FC Schalke 04
87%
4
Alemannia Aachen
86%
35FC Augsburg
86%
41FC Hansa Rostock
86%
3Hannover 96
86%
34SC Paderborn 07
86%
101. FC Nürnberg
85%
12Arminia Bielefeld
85%
7Karlsruher SC
85%
63VfB Stuttgart
85%
19Eintracht Braunschweig
84%
22VfL Bochum
84%
57VfL Wolfsburg
84%
431. FC Heidenheim
83%
181. FSV Mainz 05
83%
21Fortuna Düsseldorf
83%
51Jahn Regensburg
83%
96SV Wehen Wiesbaden
83%
65Bayer 04 Leverkusen
82%
15TSV 1860 München
82%
1071. FC Magdeburg
81%
74Borussia Mönchengladbach
80%
53Eintracht Frankfurt
80%
8Stuttgarter Kickers
80%
11VfL Osnabrück
80%
171. FC Saarbrücken
78%
13MSV Duisburg
78%
26Rot-Weiss Essen
78%
55FC Carl Zeiss Jena
77%
9SC Freiburg
76%
52SSV Ulm 1846
76%
66FC Bayern Hof
75%
79VfB Lübeck
75%
361. FC Köln
74%
29FSV Frankfurt
74%
5Fortuna Köln
73%
108TSG 1899 Hoffenheim
73%
109FC Rot-Weiß Erfurt
72%
46SV Sandhausen
72%
59Chemnitzer FC
71%
39Energie Cottbus
71%
62VfB Leipzig
71%
38SC Preußen Münster
70%
40SpVgg Unterhaching
70%
58Rot Weiss Ahlen
69%
25Offenbacher Kickers
68%
93VfR Aalen
68%
28FC Erzgebirge Aue
67%
118SV Elversberg
65%
56Wuppertaler SV
65%
115Hallescher FC
62%
69VfB Oldenburg
62%
54FC Ingolstadt 04
61%
83FSV Zwickau
61%
24Rot-Weiß Oberhausen
61%
85TuS Koblenz
61%
14SV Waldhof Mannheim
60%
45Tennis Borussia Berlin
60%
42KSV Hessen Kassel
59%
50SV Eintracht Trier
59%
23FC 08 Homburg
58%
105FC Würzburger Kickers
58%
32KFC Uerdingen 05
58%
30SpVgg Bayreuth
55%
110Bonner SC
54%
16SG Wattenscheid 09
54%
6SV Darmstadt 98
53%
37SV Meppen
53%
81Viktoria Köln
52%
49Blau-Weiß 90 Berlin
49%
118Sportfreunde Siegen
48%
70Schwarz-Weiß Essen
47%
27SG Union Solingen
47%
97Borussia Neunkirchen
45%
68Wacker Burghausen
43%
67Westfalia Herne
41%
126SV Babelsberg 03
40%
92Viktoria Aschaffenburg
40%
60Wormatia Worms
40%
64Freiburger FC
35%
86SSV Reutlingen 05
34%
881. FC Schweinfurt
32%
721. SC Göttingen 05
32%
71FC Remscheid
30%
104OSC Bremerhaven
27%
117BSV Stahl Brandenburg
26%
90FC Gütersloh
25%
111FC Hanau 93
25%
116VfR Mannheim
24%
112VfR Heilbronn
23%
123TSV Havelse
20%
991. FC Bocholt
19%
1021. FC Mülheim
19%
87FK Pirmasens
19%
78SV Arminia Hannover
18%
101MTV Ingolstadt
17%
82Rot-Weiß Lüdenscheid
17%
127Spandauer SV
15%
91KSV Baunatal
14%
76SC Herford
14%
114TSR Olympia WIlhelmshaven
14%
119Eintracht Bad Kreuznach
12%
100ESV Ingolstadt
12%
77FV Würzburg 04
12%
113SC Charlottenburg
11%
98DSC Wanne-Eickel
10%
106OSV Hannover
10%
73SV Röchling Völklingen
10%
124FSV Salmrohr
9%
95SpVgg Erkenschwick
9%
121TuS Schloß Neuhaus
9%
122HSV Barmbek-Uhlenhorst
8%
125BSV 07 Schwenningen
6%
75VfR Bürstadt
5%
120VfB Eppingen
4%
84Wacker 04 Berlin
4%
103DJK Gütersloh
2%

Verteilung der Resultate

Perzentil nach korrekt beantworteten Fragen

Anzahl Personen mit jedem Resultat

Ihre Resultats-Entwicklung

Sie haben dieses Quiz seit der letzten Aktualisierung nicht gespielt